Behavior analysis and therapy in residential programs (Record no. 1831)

MARC details
000 -LEADER
fixed length control field 00733nam a2200241 i 4500
001 - CONTROL NUMBER
control field C2-0006060
003 - CONTROL NUMBER IDENTIFIER
control field PPAK
005 - DATE AND TIME OF LATEST TRANSACTION
control field 20190630221841.0
008 - FIXED-LENGTH DATA ELEMENTS--GENERAL INFORMATION
fixed length control field 970122s nyu |||| ||||| | eng d
020 ## - INTERNATIONAL STANDARD BOOK NUMBER
International Standard Book Number 0442224923
040 ## - CATALOGING SOURCE
Original cataloging agency PPAK
Language of cataloging eng
Transcribing agency PPAK
Description conventions rda
082 04 - DEWEY DECIMAL CLASSIFICATION NUMBER
Classification number 616.89142
Edition number 23
090 00 - LOCALLY ASSIGNED LC-TYPE CALL NUMBER (OCLC); LOCAL CALL NUMBER (RLIN)
Classification number (OCLC) (R) ; Classification number, CALL (RLIN) (NR) 616.89142
Feature heading BEH
Feature heading G
245 00 - TITLE STATEMENT
Title Behavior analysis and therapy in residential programs
250 ## - EDITION STATEMENT
Edition statement Fuoco, Frederick Joseph ; Christian, Walter P.
264 #1 - PRODUCTION, PUBLICATION, DISTRIBUTION, MANUFACTURE, AND COPYRIGHT NOTICE
Place of production, publication, distribution, manufacture New York :
Name of producer, publisher, distributor, manufacturer Nostrand Reinhold Company ,
Date of production, publication, distribution, manufacture, or copyright notice [date of publication not identified]
300 ## - PHYSICAL DESCRIPTION
Extent xii, 417 pages ;
Dimensions 24 cm
336 ## - CONTENT TYPE
Source rdacontent
Content type term text
337 ## - MEDIA TYPE
Source rdamedia
Media type term unmediated
338 ## - CARRIER TYPE
Source rdacarrier
Carrier type term volume
650 10 - SUBJECT ADDED ENTRY--TOPICAL TERM
Topical term or geographic name entry element Behavior therapy
942 ## - ADDED ENTRY ELEMENTS (KOHA)
-- dc
Koha item type Book
Holdings
Withdrawn Not for loan Current library Shelving location Date acquired Full call number Barcode Date last seen Koha item type
    Perpustakaan Alor Setar Pinjaman Dewasa 06/08/1998 616.89142 BEH A00041810 08/05/2018 Book
    Perpustakaan Kulim Pinjaman Dewasa 23/11/2003 616.89142 BEH A00323657 08/05/2018 Book